00370nam a2200121Ia 4500008004000000020001800040082001600058100004100074245004200115260004100157300001100198650003900209210210b1996 xxu||||| |||| 00| 0 eng d a0 521 44654 6 a792.03 STAC aSTANTON (Sarah) and BANHAM (Martin). aCambridge paperback guide to theatre. aNYbCambridge University Pressc1996 aix,419 aCambridge guide theatre dictionary